[Event "Online Olym Div3 A 2021"]
[Site "chess.com INT"]
[Date "2021.08.27"]
[Round "1.4"]
[Board "6"]
[White "Mitsuyama, Rikka"]
[Black "Prasad, Tanvi"]
[Result "1-0"]
[WhiteElo "1157"]
[BlackElo "1165"]
[WhiteTeam "Japan"]
[BlackTeam "Fiji"]
[WhiteFideId "7002815"]
[BlackFideId "11401117"]
[EventDate "2021.08.27"]
[EventType "team"]

1. d4 Nf6 2. c4 g6 3. Nc3 d6 4. e4 Bg7 5. Nf3 Bg4 6. Be2 Nc6 7. h3 Bxf3 8. Bxf3
O-O 9. O-O e6 10. Bg5 Qd7 11. Qd2 Rfe8 12. a3 a6 13. Qe3 Na5 14. Be2 c5 15. dxc5
dxc5 16. e5 Nh5 17. g4 Nb3 18. Rad1 Qc7 19. gxh5 Bxe5 20. Ne4 Nd4 21. Nf6+ Kg7
22. Nxe8+ Rxe8 23. f4 Nf5 24. Qxe5+ Qxe5 25. fxe5 Ng3 26. Rf2 Ne4 27. h6+ Kg8
28. Rg2 Nxg5 29. Rxg5 Rf8 30. h4 f6 31. exf6 Rxf6 32. Rd8+ Kf7 33. h5 1-0

[Event "Online Olym Div3 A 2021"]
[Site "chess.com INT"]
[Date "2021.08.27"]
[Round "1.5"]
[Board "1"]
[White "Liyanage, Ranindu Dilshan"]
[Black "Fan, Allen Chi Zhou"]
[Result "0-1"]
[WhiteTitle "CM"]
[BlackTitle "FM"]
[WhiteElo "2203"]
[BlackElo "2147"]
[WhiteTeam "Sri Lanka"]
[BlackTeam "New Zealand"]
[WhiteFideId "9915834"]
[BlackFideId "4304128"]
[EventDate "2021.08.27"]
[EventType "team"]

1. e4 c5 2. Nf3 Nc6 3. d4 cxd4 4. Nxd4 e6 5. Nc3 Qc7 6. Be3 Nf6 7. Ndb5 Qb8 8.
f4 d6 9. Qd2 a6 10. Nd4 Be7 11. Be2 Bd7 12. g4 Nxd4 13. Qxd4 e5 14. Qd1 Bc6 15.
Bf3 b5 16. g5 Nd7 17. f5 Qb7 18. a3 Nc5 19. Nd5 Bxd5 20. exd5 Rc8 21. O-O Bd8
22. Bg4 f6 23. h4 Na4 24. Rb1 Bb6 25. Qe2 Ke7 26. c3 Rc4 27. Bxb6 Qxb6+ 28. Kg2
h5 29. Bf3 Rxh4 30. Rh1 Rf4 31. gxf6+ gxf6 32. Rxh5 Rg8+ 33. Kh2 Rg7 34. Rf1 Kd7
35. Kh3 Nc5 36. Kh2 e4 37. Bg2 Nd3 38. Bxe4 Rxf1 39. Qxf1 Ne5 40. Qe2 Qg1+ 0-1

[Event "Online Olym Div3 A 2021"]
[Site "chess.com INT"]
[Date "2021.08.27"]
[Round "1.5"]
[Board "2"]
[White "Piwari, Dylan Tama"]
[Black "Doluweera, Minul Sanjula"]
[Result "0-1"]
[BlackTitle "FM"]
[WhiteElo "1943"]
[BlackElo "2129"]
[WhiteTeam "New Zealand"]
[BlackTeam "Sri Lanka"]
[WhiteFideId "4312988"]
[BlackFideId "9910760"]
[EventDate "2021.08.27"]
[EventType "team"]

1. c4 e6 2. d4 d5 3. e3 Nf6 4. Nc3 c5 5. Nf3 Nc6 6. Be2 a6 7. a4 cxd4 8. exd4
Be7 9. O-O O-O 10. h3 dxc4 11. Bxc4 Nb4 12. Bf4 Bd7 13. Ne5 Rc8 14. Bb3 Bc6 15.
Nxc6 Rxc6 16. Re1 Nbd5 17. Be5 Nxc3 18. bxc3 Nd7 19. Rc1 Nxe5 20. Rxe5 Bf6 21.
Re1 Qb6 22. Bc2 Qa5 23. Be4 Rxc3 24. Rxc3 Qxc3 25. Bxb7 Bxd4 26. Bxa6 Rd8 27.
Qc1 Qa5 28. Bb5 g6 29. Rd1 Qb6 30. Kf1 e5 31. Qc2 Rd5 32. Qc6 Qxc6 33. Bxc6 Rc5
34. Bb5 Rc2 35. Be2 Ra2 36. f4 Rxa4 37. fxe5 Bxe5 38. Bf3 Ra2 39. Be2 h5 40. g4
h4 41. Rc1 Ra3 42. Rc8+ Kg7 43. Re8 f6 44. Re7+ Kh6 45. Bc4 Rxh3 46. Re8 Rg3 47.
Be6 Kg5 48. Ra8 h3 49. Ra2 Bd4 50. Ra5+ Kh4 51. Ra4 h2 52. Bd5 Rxg4 53. Ke2 Be5
54. Ra3 Rg1 55. Ra4+ Kg5 56. Kf3 h1=Q+ 0-1

[Event "Online Olym Div3 A 2021"]
[Site "chess.com INT"]
[Date "2021.08.27"]
[Round "1.5"]
[Board "3"]
[White "Premanath, Dinushki"]
[Black "Chang, Yolanda"]
[Result "1-0"]
[WhiteTitle "WFM"]
[WhiteElo "1793"]
[BlackElo "1400"]
[WhiteTeam "Sri Lanka"]
[BlackTeam "New Zealand"]
[WhiteFideId "9903542"]
[BlackFideId "4309332"]
[EventDate "2021.08.27"]
[EventType "team"]

1. e4 e5 2. Nf3 Nc6 3. Bb5 a6 4. Ba4 Nf6 5. O-O b5 6. Bb3 Be7 7. Re1 d6 8. h3
O-O 9. c3 h6 10. d4 Re8 11. Nbd2 Bf8 12. Nf1 exd4 13. cxd4 Bb7 14. Ng3 Na5 15.
Bc2 Nc4 16. b3 Nb6 17. Bb2 d5 18. e5 Nfd7 19. Qd3 g6 20. e6 Rxe6 21. Rxe6 fxe6
22. Qxg6+ Bg7 23. Qxe6+ Kf8 24. Ba3+ c5 25. dxc5 Nc8 26. c6+ Ne7 27. cxb7 Rb8
28. Re1 Bf6 29. Nf5 Rxb7 30. Bxe7+ Bxe7 31. Nxe7 Rb6 32. Qg8# 1-0

[Event "Online Olym Div3 A 2021"]
[Site "chess.com INT"]
[Date "2021.08.27"]
[Round "1.5"]
[Board "4"]
[White "Thurner, Anya"]
[Black "Ranasinghe, S D"]
[Result "0-1"]
[BlackTitle "WIM"]
[WhiteElo "1557"]
[BlackElo "1725"]
[WhiteTeam "New Zealand"]
[BlackTeam "Sri Lanka"]
[WhiteFideId "4307780"]
[BlackFideId "9902651"]
[EventDate "2021.08.27"]
[EventType "team"]

1. e4 c5 2. b3 Nc6 3. Bb2 d6 4. Bb5 Bd7 5. f4 a6 6. Bxc6 Bxc6 7. d3 Nf6 8. Nf3
e6 9. O-O d5 10. exd5 Nxd5 11. Qd2 Bd6 12. Ne5 Qc7 13. Qf2 O-O-O 14. g3 Be8 15.
Nc3 f6 16. Nc4 Be7 17. Nxd5 exd5 18. Ne3 d4 19. Nc4 b5 20. Nd2 f5 21. b4 Bc6 22.
Nb3 Qd7 23. Na5 Ba8 24. h3 Qd5 25. Qh2 cxb4 26. Nb3 Bf6 27. a4 Rhe8 28. axb5 Re3
29. Bc1 Re6 30. Nd2 Qxb5 31. Nf3 Qb7 32. Bd2 Rde8 33. Rfe1 Rxe1+ 34. Nxe1 Qb6
35. Rb1 a5 36. Qf2 Qc6 37. Qh2 Qd5 38. Ra1 Bc6 39. Rb1 Kc7 40. Ra1 Re7 41. Rc1
Qe6 42. Ng2 Qe2 43. Be1 Bxg2 44. Qxg2 Qe3+ 45. Kh2 Qxc1 46. Qf2 Qe3 47. Qxe3
Rxe3 48. Bf2 Re2 49. Kg1 Rxc2 50. Kf1 b3 0-1

[Event "Online Olym Div3 A 2021"]
[Site "chess.com INT"]
[Date "2021.08.27"]
[Round "1.5"]
[Board "5"]
[White "De Silva, L M S T"]
[Black "Picken, Oliver"]
[Result "1-0"]
[WhiteTitle "FM"]
[BlackTitle "CM"]
[WhiteElo "2085"]
[BlackElo "1767"]
[WhiteTeam "Sri Lanka"]
[BlackTeam "New Zealand"]
[WhiteFideId "9953698"]
[BlackFideId "4304764"]
[EventDate "2021.08.27"]
[EventType "team"]

1. e4 c5 2. Nf3 d6 3. Bb5+ Nc6 4. O-O a6 5. Bxc6+ bxc6 6. c3 Bg4 7. Re1 e5 8. d3
Nf6 9. Nbd2 Be7 10. Nf1 O-O 11. h3 Bh5 12. Ng3 Bg6 13. Qe2 Re8 14. Nh4 Bf8 15.
Nhf5 d5 16. Bg5 h6 17. Bh4 Bh7 18. Nh5 g5 19. Bg3 Bg6 20. Nxf6+ Qxf6 21. Ne3
Rad8 22. exd5 cxd5 23. Ng4 Qe6 24. Bxe5 Bg7 25. Qd2 Qf5 26. d4 cxd4 27. Qxd4
Bxe5 28. Nxe5 Re6 29. Ng4 Kh7 30. Rxe6 fxe6 31. Nf6+ Kh8 32. Re1 Rc8 33. Nxd5+ 1-0

[Event "Online Olym Div3 A 2021"]
[Site "chess.com INT"]
[Date "2021.08.27"]
[Round "1.5"]
[Board "6"]
[White "Ning, Isabelle Yixuan"]
[Black "Sanudula, K M Dahamdi"]
[Result "0-1"]
[WhiteTitle "WCM"]
[BlackTitle "WCM"]
[WhiteElo "1774"]
[BlackElo "1717"]
[WhiteTeam "New Zealand"]
[BlackTeam "Sri Lanka"]
[WhiteFideId "4307763"]
[BlackFideId "9932470"]
[EventDate "2021.08.27"]
[EventType "team"]

1. d4 Nf6 2. c4 e6 3. Nc3 d5 4. cxd5 exd5 5. Bg5 Be7 6. e3 O-O 7. Bd3 b6 8. Nge2
Bb7 9. O-O Ne4 10. Bxe7 Qxe7 11. Rc1 f5 12. Nf4 c6 13. a3 Nd7 14. b4 Ndf6 15.
Qe2 Rfe8 16. Nxe4 Nxe4 17. Ba6 Nd6 18. Bxb7 Qxb7 19. Qc2 Rac8 20. Nd3 Nc4 21.
Nb2 Nxa3 22. Qxf5 Qe7 23. Nd3 Rf8 24. Qg4 Nc4 25. Rfe1 Qf6 26. Qg3 Rce8 27. Nf4
Qd6 28. Nh5 Qxg3 29. Nxg3 b5 30. Ra1 Ra8 31. Ra6 Rfc8 32. Nf5 Kf7 33. h3 g6 34.
Ng3 Rc7 35. Rea1 Ke6 36. Ne2 Nb2 37. Nc3 Kd7 38. e4 dxe4 39. Nxe4 Ke6 40. Nc3
Kd7 41. d5 cxd5 42. Nxb5 Rb7 43. Rd6+ Ke7 44. Rxd5 a6 45. Rc5 Nd3 46. Rc7+ Rxc7
47. Nxc7 Ra7 48. Nd5+ Ke6 49. Rd1 Nb2 50. Rd2 Nc4 51. Rd4 Ne5 52. Nf4+ Kf7 53.
Re4 Nc6 54. Kf1 Rb7 55. Nd5 Rb5 56. Nc7 Rxb4 57. Re6 Rb1+ 58. Ke2 Nd4+ 59. Kd3
Nxe6 60. Nxa6 Ke7 61. Ke4 Rb6 0-1

[Event "Online Olym Div3 A 2021"]
[Site "chess.com INT"]
[Date "2021.08.27"]
[Round "2.1"]
[Board "1"]
[White "Thing, Bibek"]
[Black "Xie, Felix"]
[Result "1-0"]
[WhiteTitle "CM"]
[BlackTitle "CM"]
[WhiteElo "2190"]
[BlackElo "2132"]
[WhiteTeam "Nepal"]
[BlackTeam "New Zealand"]
[WhiteFideId "12303135"]
[BlackFideId "4308174"]
[EventDate "2021.08.27"]
[EventType "team"]

1. e4 c6 2. d4 d5 3. e5 Bf5 4. h4 h5 5. Bd3 Bxd3 6. Qxd3 Qa5+ 7. Nd2 e6 8. Nf3
Nh6 9. O-O Nf5 10. c4 Be7 11. g3 Qc7 12. b3 Nd7 13. Re1 Nb6 14. Nf1 dxc4 15.
bxc4 Rd8 16. a4 g6 17. a5 Nd7 18. Qe4 Nb8 19. Ne3 Na6 20. Bd2 Nxe3 21. Rxe3 Nb4
22. Rb1 c5 23. Bxb4 cxb4 24. d5 Bc5 25. Rd3 Qe7 26. Ng5 Rg8 27. Rbd1 exd5 28.
cxd5 f5 29. exf6 Qxe4 30. f7+ Kd7 31. Nxe4 Rgf8 32. Nxc5+ Kc8 33. Ne6 Rxf7 34.
Nxd8 Kxd8 35. Rb1 b6 36. axb6 axb6 37. Rxb4 Rb7 38. Rf3 Ke7 39. Rb5 Kd6 40. Rf6+
Ke5 41. Rxg6 Rd7 42. Re6+ Kd4 43. Rexb6 Ra7 44. Kg2 Ke5 45. Re6+ Kf5 46. Re3 Rd7
47. d6+ Kg6 48. Rd5 Kf6 49. Re7 Rd8 50. Kf3 Rf8 51. Ree5 Rd8 52. d7 Kf7 53. Re8
Rxd7 54. Rxd7+ Kxe8 55. Ra7 Kf8 56. Kf4 Kg8 57. Kf5 Kf8 58. Ke6 Ke8 59. Ra8# 1-0

[Event "Online Olym Div3 A 2021"]
[Site "chess.com INT"]
[Date "2021.08.27"]
[Round "2.1"]
[Board "2"]
[White "Winter, Ryan"]
[Black "Jaiswal, Rupesh"]
[Result "1/2-1/2"]
[BlackTitle "FM"]
[WhiteElo "2006"]
[BlackElo "2102"]
[WhiteTeam "New Zealand"]
[BlackTeam "Nepal"]
[WhiteFideId "4306295"]
[BlackFideId "12300870"]
[EventDate "2021.08.27"]
[EventType "team"]

1. e4 c5 2. Nf3 d6 3. d4 cxd4 4. Nxd4 Nf6 5. Nc3 a6 6. h3 e5 7. Nde2 h5 8. Bg5
Be6 9. Bxf6 Qxf6 10. Nd5 Bxd5 11. Qxd5 Nc6 12. Nc3 Qe6 13. O-O-O Qxd5 14. Nxd5
O-O-O 15. Bc4 g6 16. Kb1 f5 17. f3 Be7 18. c3 Rhf8 19. Rhf1 Bh4 20. Kc2 Kd7 21.
a4 Ne7 22. Nxe7 Bxe7 23. Bd5 Kc7 24. Rfe1 Rb8 25. Ra1 Bh4 26. Red1 Bf2 27. Rd2
Be3 28. Rd3 Bf2 29. Rad1 a5 30. b4 b6 31. Kb3 h4 32. R1d2 Bg1 33. Rc2 Rf6 34.
Kc4 f4 35. Rd1 Be3 36. Rb1 Rff8 37. Rcb2 Rfd8 38. bxa5 bxa5 39. Rb7+ Rxb7 40.
Rxb7+ Kc8 41. Rb5 Kc7 42. Rxa5 Rb8 43. Ra6 Rb1 44. Ra8 Rb8 45. Ra6 Bc5 46. a5
Rb1 47. Rc6+ Kd7 48. Ra6 Rb8 49. Bc6+ Kc7 50. Bb5 g5 51. Rc6+ Kd8 52. a6 Rc8 53.
Kd5 Rb8 54. a7 Ra8 55. Ra6 Kc7 56. Ke6 Rxa7 57. Rxa7+ Bxa7 58. Kf5 Bf2 59. Kxg5
Kb6 60. Bd3 Kc5 61. Kf6 Bg3 62. Ke6 Be1 63. Bb1 Bxc3 64. Ba2 Bb4 65. Kf5 Kd4 66.
Bd5 Ke3 67. Kg4 Be1 68. Ba8 Ke2 69. Bd5 Kf1 70. Ba8 Kxg2 71. Bd5 Kf2 72. Ba8 Ke3 1/2-1/2

[Event "Online Olym Div3 A 2021"]
[Site "chess.com INT"]
[Date "2021.08.27"]
[Round "2.1"]
[Board "3"]
[White "Lohani, Sujana"]
[Black "Feng, Sophia"]
[Result "1-0"]
[WhiteTitle "WFM"]
[WhiteElo "1675"]
[BlackElo "1211"]
[WhiteTeam "Nepal"]
[BlackTeam "New Zealand"]
[WhiteFideId "12311987"]
[BlackFideId "4312635"]
[EventDate "2021.08.27"]
[EventType "team"]

1. d4 d5 2. Nf3 e6 3. c4 Nf6 4. g3 c5 5. cxd5 Nxd5 6. Bg2 Nc6 7. O-O Be7 8. dxc5
Bxc5 9. a3 h6 10. Qc2 Be7 11. Rd1 Bd7 12. e4 Nb6 13. Nc3 O-O 14. Be3 Nc4 15. Bc1
Qc7 16. Nb5 Nb4 17. axb4 Bxb5 18. b3 Bxb4 19. bxc4 Qxc4 20. Qxc4 Bxc4 21. Ba3
Bxa3 22. Rxa3 Rfd8 23. Raa1 Be2 24. Rxd8+ Rxd8 25. Ne5 a6 26. Bf1 Bxf1 27. Kxf1
Rd4 28. f3 f6 29. Ng4 e5 30. Ke2 Rb4 31. Ra2 Kh7 32. Ne3 Rb1 33. Kd3 Rb3+ 34.
Kd2 Rb5 35. Nd5 Rb1 36. Nc3 Rh1 37. Ke3 Rc1 38. Nd5 Rc5 39. Rb2 b5 40. Ra2 Rc6
41. Nb4 Rc3+ 42. Ke2 Rc1 43. Nxa6 Rh1 44. Ke3 Re1+ 45. Kf2 Rh1 46. Kg2 Rb1 47.
Nc5 b4 48. Nd3 b3 49. Rb2 Rxb2+ 50. Nxb2 Kg8 51. Kf2 Kf7 52. Ke3 Ke6 53. Kd3 f5
54. Kc3 g5 55. Kxb3 f4 56. g4 Kd6 57. Nc4+ Ke6 58. Kc3 Kf6 59. Kb4 Kg6 60. Kc5
h5 61. h3 hxg4 62. hxg4 Kf6 63. Kd6 Kf7 64. Nxe5+ Ke8 65. Ke6 Kd8 66. Kf5 Ke7
67. Kxg5 Ke6 68. Kxf4 Kf6 69. Nd7+ 1-0

[Event "Online Olym Div3 A 2021"]
[Site "chess.com INT"]
[Date "2021.08.27"]
[Round "2.1"]
[Board "4"]
[White "Gan, Emily"]
[Black "Joshi, Sindira"]
[Result "1-0"]
[WhiteElo "1438"]
[BlackElo "1506"]
[WhiteTeam "New Zealand"]
[BlackTeam "Nepal"]
[WhiteFideId "4310608"]
[BlackFideId "12312754"]
[EventDate "2021.08.27"]
[EventType "team"]

1. c4 Nf6 2. Nc3 e6 3. g3 Be7 4. Nf3 O-O 5. Bg2 c5 6. O-O Nc6 7. d4 b6 8. Bf4
Bb7 9. Re1 cxd4 10. Nxd4 Nxd4 11. Bxb7 Nc6 12. Bxa8 Qxa8 13. e4 e5 14. Be3 Rd8
15. a3 Na5 16. Qd3 Nb3 17. Rad1 Nc5 18. Bxc5 Bxc5 19. b4 Bf8 20. Nd5 Nxd5 21.
cxd5 Bd6 22. Rc1 a5 23. Qb5 axb4 24. axb4 Qb8 25. Red1 h5 26. h4 f5 27. exf5 e4
28. Rc3 Be5 29. Re3 Qd6 30. Qe2 Qxb4 31. Rxe4 1-0

[Event "Online Olym Div3 A 2021"]
[Site "chess.com INT"]
[Date "2021.08.27"]
[Round "2.1"]
[Board "5"]
[White "Kusatha, Niken"]
[Black "Coates, Alex"]
[Result "1-0"]
[WhiteElo "1984"]
[BlackElo "1288"]
[WhiteTeam "Nepal"]
[BlackTeam "New Zealand"]
[WhiteFideId "12314560"]
[BlackFideId "4311540"]
[EventDate "2021.08.27"]
[EventType "team"]

1. e4 e6 2. d3 d5 3. Nd2 Nf6 4. g3 c5 5. Bg2 Nc6 6. Ne2 Be7 7. O-O O-O 8. c3 d4
9. c4 e5 10. h3 Bd6 11. f4 exf4 12. gxf4 Bc7 13. e5 Nd7 14. Ne4 Qh4 15. Bd2 a5
16. Be1 Qh6 17. N2g3 Ne7 18. Qf3 Ra6 19. Bd2 Qb6 20. Rab1 h6 21. Nh5 Qg6 22. Kh1
Nf5 23. Rg1 Nh4 24. Qe2 Qh7 25. Bf3 Rg6 26. Bg4 Bd8 27. f5 Rb6 28. e6 fxe6 29.
fxe6 Ne5 30. Nxc5 Rc6 31. Qxe5 Ng6 32. Qd5 Be7 33. Nd7 Rd6 34. Qe4 b5 35. Rbf1
Rb6 36. Nxb6 bxc4 37. Bf5 Bb7 38. Qxb7 1-0

[Event "Online Olym Div3 A 2021"]
[Site "chess.com INT"]
[Date "2021.08.27"]
[Round "2.1"]
[Board "6"]
[White "Joseph, Ritika"]
[Black "Neupane, Anisha"]
[Result "1-0"]
[WhiteElo "1346"]
[BlackElo "1459"]
[WhiteTeam "New Zealand"]
[BlackTeam "Nepal"]
[WhiteFideId "110033465"]
[BlackFideId "12311642"]
[EventDate "2021.08.27"]
[EventType "team"]

1. Nf3 c5 2. c4 g6 3. b3 Bg7 4. Nc3 Nc6 5. Bb2 Nf6 6. e3 O-O 7. Be2 e6 8. O-O a6
9. d4 cxd4 10. exd4 d5 11. cxd5 Nxd5 12. Nxd5 Qxd5 13. Bc4 Qd6 14. Qd2 b5 15.
Be2 Bb7 16. Rad1 Rfd8 17. a4 bxa4 18. bxa4 Rac8 19. Rfe1 Qb4 20. Qxb4 Nxb4 21.
Rb1 Nc2 22. Rf1 Bxf3 23. Bxf3 Nxd4 24. Bb7 Rc2 25. Bxd4 Bxd4 26. Bxa6 1-0

[Event "Online Olym Div3 A 2021"]
[Site "chess.com INT"]
[Date "2021.08.27"]
[Round "2.2"]
[Board "1"]
[White "Tran, Thanh Tu"]
[Black "Liyanage, Ranindu Dilshan"]
[Result "1-0"]
[WhiteTitle "CM"]
[BlackTitle "CM"]
[WhiteElo "2374"]
[BlackElo "2203"]
[WhiteTeam "Japan"]
[BlackTeam "Sri Lanka"]
[WhiteFideId "12401404"]
[BlackFideId "9915834"]
[EventDate "2021.08.27"]
[EventType "team"]

1. Nf3 d5 2. d4 Nf6 3. e3 e6 4. Bd3 c5 5. b3 Nc6 6. Bb2 Bd6 7. a3 O-O 8. Ne5 Ne7
9. Nd2 b6 10. Qf3 Bb7 11. g4 Ng6 12. h4 Bxe5 13. dxe5 Nd7 14. Qg3 d4 15. Bxg6
Bxh1 16. Bd3 Bc6 17. O-O-O Qc7 18. exd4 cxd4 19. Bxd4 Rfd8 20. Nc4 Bd5 21. Nd6
Nc5 22. Kb2 a5 23. h5 Nxd3+ 24. Rxd3 a4 25. Rc3 Qa7 26. b4 Rab8 27. Qh4 f6 28.
h6 g5 29. Qh5 Rxd6 30. exd6 Rf8 31. Rc7 Qb8 32. Rg7+ Kh8 33. Qxg5 e5 34. Rxh7+ 1-0

[Event "Online Olym Div3 A 2021"]
[Site "chess.com INT"]
[Date "2021.08.27"]
[Round "2.2"]
[Board "2"]
[White "Alahakoon, Isuru"]
[Black "Kobayashi, Atsuhiko"]
[Result "1/2-1/2"]
[WhiteTitle "FM"]
[WhiteElo "2022"]
[BlackElo "2141"]
[WhiteTeam "Sri Lanka"]
[BlackTeam "Japan"]
[WhiteFideId "9900993"]
[BlackFideId "7000049"]
[EventDate "2021.08.27"]
[EventType "team"]

1. Nf3 g6 2. d4 Bg7 3. c4 d6 4. Nc3 e5 5. dxe5 dxe5 6. Qxd8+ Kxd8 7. Bg5+ f6 8.
O-O-O+ Nd7 9. Bh4 Ne7 10. e4 c6 11. Kb1 Kc7 12. Bg3 a5 13. h4 h5 14. Nd2 Bh6 15.
f3 Nc5 16. Bf2 Ne6 17. c5 Rd8 18. Nc4 Rxd1+ 19. Nxd1 Bd7 20. Nc3 Nc8 21. Na4 Nd4
22. Be1 Kd8 23. Nxa5 Ke7 24. b3 Ra7 25. Bb4 Kf7 26. Bc4+ Be6 27. Bxe6+ Kxe6 28.
Nb6 Nxb6 29. cxb6 Ra6 30. Nxb7 Rxb6 31. Nc5+ Kd6 32. Ba3 Nb5 33. Bb4 Nd4 34. Ba3
Nb5 1/2-1/2

[Event "Online Olym Div3 A 2021"]
[Site "chess.com INT"]
[Date "2021.08.27"]
[Round "2.2"]
[Board "3"]
[White "Sakai, Azumi"]
[Black "Premanath, Dinushki"]
[Result "1/2-1/2"]
[WhiteTitle "WCM"]
[BlackTitle "WFM"]
[WhiteElo "1731"]
[BlackElo "1793"]
[WhiteTeam "Japan"]
[BlackTeam "Sri Lanka"]
[WhiteFideId "7001800"]
[BlackFideId "9903542"]
[EventDate "2021.08.27"]
[EventType "team"]

1. d4 Nf6 2. c4 e6 3. Nf3 b6 4. a3 d5 5. cxd5 exd5 6. Nc3 Be7 7. Bg5 O-O 8. Qc2
h6 9. Bh4 Bb7 10. e3 Ne4 11. Bxe7 Qxe7 12. Bd3 Nd7 13. O-O c5 14. dxc5 Ndxc5 15.
Rad1 Rac8 16. Nd4 Nxd3 17. Qxd3 Nxc3 18. bxc3 a6 19. Ra1 Rc4 20. Rfb1 b5 21. Rb4
Rfc8 22. Ne2 Qd7 23. Rxc4 Rxc4 24. Nd4 g6 25. h3 Qc7 26. Ne2 Qc5 27. Qd2 a5 28.
Qb2 Ba6 29. Rc1 Ra4 30. Ra1 Qd6 31. Nd4 Qc5 32. Nb3 Qc4 33. Nd4 Qc5 34. Nb3 Qd6
35. Nd4 Qc5 1/2-1/2

[Event "Online Olym Div3 A 2021"]
[Site "chess.com INT"]
[Date "2021.08.27"]
[Round "2.2"]
[Board "4"]
[White "Ranasinghe, S D"]
[Black "Takayasu, Melody"]
[Result "1-0"]
[WhiteTitle "WIM"]
[WhiteElo "1725"]
[BlackElo "1692"]
[WhiteTeam "Sri Lanka"]
[BlackTeam "Japan"]
[WhiteFideId "9902651"]
[BlackFideId "7003501"]
[EventDate "2021.08.27"]
[EventType "team"]

1. Nf3 d6 2. d4 Nf6 3. g3 g6 4. Bg2 Bg7 5. O-O O-O 6. Nbd2 Nbd7 7. c3 c6 8. e4
e5 9. dxe5 Nxe5 10. Nxe5 dxe5 11. Nc4 Qc7 12. Qc2 b5 13. Ne3 Be6 14. b3 Rad8 15.
Ba3 Rfe8 16. Rad1 Rxd1 17. Rxd1 Rd8 18. Rxd8+ Qxd8 19. Bc5 a5 20. Bf1 Ng4 21.
Nxg4 Bxg4 22. c4 b4 23. Qd3 Bf6 24. Qd6 Qxd6 25. Bxd6 Bd8 26. Bxe5 f6 27. Bd6
Kf7 28. f4 Ke6 29. Bc5 Bc7 30. Bd3 Bf3 31. Kf2 Bh1 32. Bc2 f5 33. e5 Be4 34.
Bxe4 fxe4 35. Ke3 Kf5 36. h3 h5 37. g4+ hxg4 38. hxg4+ Kxg4 39. Kxe4 Bd8 40. e6
Bc7 41. e7 Bxf4 42. e8=Q g5 43. Qe6+ Kh5 44. Qxc6 1-0

[Event "Online Olym Div3 A 2021"]
[Site "chess.com INT"]
[Date "2021.08.27"]
[Round "2.2"]
[Board "5"]
[White "Otawa, Yuto"]
[Black "De Silva, L M S T"]
[Result "0-1"]
[BlackTitle "FM"]
[WhiteElo "2125"]
[BlackElo "2085"]
[WhiteTeam "Japan"]
[BlackTeam "Sri Lanka"]
[WhiteFideId "7001762"]
[BlackFideId "9953698"]
[EventDate "2021.08.27"]
[EventType "team"]

1. d4 Nf6 2. c4 e6 3. Nc3 Bb4 4. Qc2 d6 5. e3 O-O 6. Ne2 e5 7. Bd2 Nc6 8. a3
exd4 9. exd4 Bxc3 10. Bxc3 Re8 11. O-O-O d5 12. Ng3 Be6 13. c5 a6 14. Bd3 Qd7
15. Rhe1 b5 16. b4 Ne7 17. Kb2 Ng6 18. Bd2 Ng4 19. Bc1 a5 20. f3 Nf6 21. Bd2
axb4 22. axb4 c6 23. Ra1 Qc7 24. Bg5 Nd7 25. Ne2 Rxa1 26. Rxa1 Qxh2 27. Nc3 Qg3
28. Qd2 Nf6 29. Bxf6 gxf6 30. Rh1 f5 31. Rh3 Qf4 32. Qf2 Bd7 33. g3 Qe3 34. Qxe3
Rxe3 35. Kc2 Rxf3 36. Rh5 f4 37. gxf4 Rxd3 38. f5 Rxd4 39. fxg6 hxg6 40. Re5
Rxb4 0-1

[Event "Online Olym Div3 A 2021"]
[Site "chess.com INT"]
[Date "2021.08.27"]
[Round "2.2"]
[Board "6"]
[White "Sanudula, K M Dahamdi"]
[Black "Mitsuyama, Rikka"]
[Result "1-0"]
[WhiteTitle "WCM"]
[WhiteElo "1717"]
[BlackElo "1157"]
[WhiteTeam "Sri Lanka"]
[BlackTeam "Japan"]
[WhiteFideId "9932470"]
[BlackFideId "7002815"]
[EventDate "2021.08.27"]
[EventType "team"]

1. d4 d5 2. e3 c5 3. c3 Nf6 4. Bd3 Nc6 5. f4 Bg4 6. Nf3 Rc8 7. O-O Bd7 8. Nbd2
e6 9. Ne5 cxd4 10. exd4 Bd6 11. Qe2 Qb6 12. Ndf3 h6 13. g4 g5 14. fxg5 hxg5 15.
Bxg5 Ne4 16. Bxe4 Nxe5 17. Bd3 Nxg4 18. h4 Rc7 19. a4 e5 20. a5 Qc6 21. Nxe5
Nxe5 22. dxe5 Bc5+ 23. Kh2 d4 24. cxd4 Bxd4 25. Rac1 Qe6 26. Bf5 Bxe5+ 27. Kg2
Qd5+ 28. Be4 Qe6 29. Bf5 Qd5+ 30. Kh3 Qb3+ 31. Rc3 Rxc3+ 32. bxc3 Qxc3+ 33. Rf3
Bxf5+ 34. Kg2 Bg4 35. Rxc3 Bxe2 36. Re3 Bc4 37. Rxe5+ Kf8 38. Be7+ Kg8 39. Bf6 1-0

[Event "Online Olym Div3 A 2021"]
[Site "chess.com INT"]
[Date "2021.08.27"]
[Round "2.3"]
[Board "1"]
[White "Lim, Zhuo Ren"]
[Black "Kumar, Manoj"]
[Result "1-0"]
[WhiteTitle "FM"]
[BlackTitle "CM"]
[WhiteElo "2311"]
[BlackElo "1928"]
[WhiteTeam "Malaysia"]
[BlackTeam "Fiji"]
[WhiteFideId "5702488"]
[BlackFideId "11400064"]
[EventDate "2021.08.27"]
[EventType "team"]

1. d4 d5 2. c4 e6 3. Nf3 Nf6 4. g3 c6 5. Bg2 Be7 6. O-O O-O 7. Qc2 b6 8. Nbd2
Bb7 9. e4 dxe4 10. Nxe4 c5 11. Nxf6+ Bxf6 12. Ng5 Bxg5 13. Bxb7 Bxc1 14. Raxc1
Nd7 15. Bxa8 Qxa8 16. dxc5 Ne5 17. f4 Nf3+ 18. Rxf3 Qxf3 19. cxb6 Qe3+ 20. Kg2
axb6 21. Rd1 h5 22. Qd3 Qc5 23. h4 Rc8 24. b3 Ra8 25. a4 Qa3 26. Rd2 Qb4 27. Re2
Qa3 28. Rc2 Qc5 29. Rd2 g6 30. Kh2 Qb4 31. Re2 Qc5 32. Qe3 Qb4 33. Rd2 Rc8 34.
Rd7 Rf8 35. Qd3 Qe1 36. Qd2 Qe4 37. Rd4 Qb1 38. Qd1 Qb2+ 39. Rd2 Qc3 40. Qc2 Qe3
41. Qd3 Qe1 42. Re2 Qb4 43. Kh3 Qe7 44. Rd2 Qc5 45. Kh2 Qb4 46. Kg2 Re8 47. Re2
Qe7 48. Qe3 Rd8 49. Rd2 Rxd2+ 50. Qxd2 Qc5 51. Qc3 Qc6+ 52. Kf2 Qh1 53. Ke2 Qg2+
54. Kd1 Qg1+ 55. Kc2 Qf2+ 56. Kb1 Qf1+ 57. Ka2 Qe2+ 58. Ka3 Qd1 59. b4 Kf8 60.
c5 bxc5 61. Qxc5+ Kg7 62. Qc3+ Kg8 63. a5 Qd7 64. a6 Qb5 65. Qc8+ Kh7 66. Qb7
Qd3+ 67. Ka4 Qc2+ 68. Ka5 Qa2+ 69. Kb6 Qf2+ 70. Kc6 Qf3+ 71. Kd7 Qd3+ 72. Ke8
Kg7 1-0